000 00777cab a2200253 4500
001 ABS51679
008 090401t1994 xxu||||| |||| 00| 0 eng d
035 _a(Sirsi) u39284
041 _aeng
100 _aDawson, S.
245 _aHelp for crack sufferers
260 _c1994
350 _a0
490 _aArchitects` Journal
_v200(18) 10 November 1994, 67(1)
520 _aDiscusses cracking in buildings due to subsidence and highlights available publications.
650 _aCRACKS
650 _aBUILT ENVIRONMENT-BUILDING ELEMENTS-COMPLETE BUILDING ELEMENTS-FOUNDATIONS
650 _aSHRINKABLE CLAY SOILS
650 _aSUBSIDENCE
650 _aUNDERPINNING
690 _aBUILDING AND CONSTRUCTION-DEFECTS AND FAILURES
942 _n0
948 _c04/03/1997
999 _c25219
_d25219